书目信息 |
| 题名: |
校园金曲200首
|
|
| 作者: | 姚莉 , 小眉 选编 | |
| 分册: | ||
| 出版信息: | 西安 西安出版社 1995.11 |
|
| 页数: | 476页 | |
| 开本: | 18cm | |
| 丛书名: | ||
| 单 册: | ||
| 中图分类: | J652.1 | |
| 科图分类: | ||
| 主题词: | 群众歌曲--世界 | |
| 电子资源: | ||
| ISBN: | 7-80594-222-6 | |
| 000 | 00579nam0 2200205 45 | |
| 001 | 0010050833 | |
| 005 | 20041108095924.9 | |
| 010 | @a7-80594-222-6@dCNY16.00 | |
| 100 | @a20001005d1995 km y0chiy0120 ea | |
| 101 | 0 | @achi |
| 105 | @a z 000yy | |
| 200 | 1 | @a校园金曲200首@AXiao Yuan Jin Qu 200 Shou@f姚莉,小眉选编@FYao Li,Xiao Mei Xuan Bian |
| 210 | @a西安@c西安出版社@d1995.11 | |
| 215 | @a476页@d18cm | |
| 606 | 0 | @a群众歌曲@x世界 |
| 690 | @aJ652.1@v3 | |
| 701 | 0 | @a姚莉@4选编 |
| 701 | 0 | @a小眉@4选编 |
| 801 | @aCN@bTSTC@c20001005 | |
| 905 | @b291444-448@dJ652.1@e225@f5 | |
| 校园金曲200首/姚莉,小眉选编.-西安:西安出版社,1995.11 |
| 476页;18cm |
| ISBN 7-80594-222-6:CNY16.00 |
| ● |
| 相关链接 |
|
|
|
|
正题名:校园金曲200首
索取号:J652.1/225
 
预约/预借
| 序号 | 登录号 | 条形码 | 馆藏地/架位号 | 状态 | 备注 |
| 1 | 0291444 | 002914449 | 第一借阅区/ [索取号:J652.1/225] | 在馆 | |
| 2 | 0291445 | 002914458 | 第一借阅区/ [索取号:J652.1/225] | 在馆 | |
| 3 | 0291446 | 002914467 | 第一借阅区/ [索取号:J652.1/225] | 在馆 | |
| 4 | 0291447 | 002914476 | 第一借阅区/ [索取号:J652.1/225] | 在馆 | |
| 5 | 0291448 | 002914485 | 第一样本阅览室/ [索取号:J652.1/225] | 在馆 |